Contributions to probability and statistics : essays in honor of Harold Hotelling /
Guardado en:
| Otros Autores: | |
|---|---|
| Formato: | Libro |
| Idioma: | English |
| Publicado: |
Stanford, Calif. :
Stanford University Press,
1960.
|
| Series: | Stanford studies in mathematics and statistics ;
2 |
| Materias: | |
| Etiquetas: |
Agregar Etiqueta
Sin Etiquetas, Sea el primero en etiquetar este registro!
|
| LEADER | 00876cam a22002055a 4500 | ||
|---|---|---|---|
| 001 | MAT.inmabb002238 | ||
| 008 | 830822s1960####cau######b####010#0deng#d | ||
| 005 | 20160601171859.0 | ||
| 245 | 0 | 0 | |a Contributions to probability and statistics : |b essays in honor of Harold Hotelling / |c edited by Ingram Olkin ... [et al.]. |
| 260 | |a Stanford, Calif. : |b Stanford University Press, |c 1960. | ||
| 300 | |a x, 517 p. ; |c 25 cm. | ||
| 440 | 0 | |a Stanford studies in mathematics and statistics ; |v 2 | |
| 500 | |a Contiene 41 ensayos, presentados en ocasión del 65º cumpleaños de H. Hotelling. | ||
| 504 | |a Incluye referencias bibliográficas. "Bibliography of Harold Hotelling": p. 25-32. | ||
| 510 | 4 | |a MR, |c 22 #11441 | |
| 700 | 1 | |a Olkin, Ingram. |4 edt | |
| 084 | |a 62-06 (60-06) |2 msc2000 | ||
| 600 | 1 | 0 | |a Hotelling, Harold, |d 1895- |
| 010 | |a 60005385 | ||
| 859 | |h 62 |i C764s |p A-3908 |b BIB. MATEMATICA | ||
